Sports Quiz

Random Sports or Football Quiz

Athletes Turned Broadcaster Quiz Stats

 Plays Quiz Updated Nov 21, 2020

Support Sporcle.
Go Orange.
Score 0/18 Timer 06:00
0 Plays Today
% Correct
Charles Barkley
92.2%
John Madden
88.9%
John McEnroe
79.6%
Troy Aikman
71.1%
Bill Walton
68.2%
Cris Collinsworth
57%
Ron Jaworski
50.3%
Martina Navratilova
49.5%
Joe Theismann
44.7%
% Correct
Nick Faldo and Jim Nantz
44.5%
Bob Uecker
42.7%
Orel Hershiser
40.9%
Tim McCarver
34.7%
Kara Lawson and Rebecca Lobo
34%
Bobby Heenan
28.9%
Joe Garagiola
21.6%
Ned and Dale Jarrett
17.3%
Rio Ferdinand
16.3%

You're not logged in!

Compare scores with friends on all Sporcle quizzes.
OR
Log In

From the Vault

Connect the Movies in Reverse

by MSUKent

If you play this quiz backwards, you'll always end up with a perfect score.
Remove Ads.
Support Sporcle.
Get the best of Sporcle when you Go Orange. This ad-free experience offers more features, more stats, and more fun while also helping to support Sporcle. Thank you for becoming a member.

Show Comments

Extras

Top Quizzes Today


Score Distribution

Your Account Isn't Verified!

In order to create a playlist on Sporcle, you need to verify the email address you used during registration. Go to your Sporcle Settings to finish the process.

Report this User

Report this user for behavior that violates our Community Guidelines.

Details: